|
|
|
|
| LEADER |
01171nam a2200337 a 4500 |
| 001 |
000723445 |
| 003 |
CZ BrMZK |
| 005 |
20110613114921.0 |
| 007 |
ta |
| 008 |
040629s2004 xr e 000 d cze d |
| 015 |
|
|
|a cnb001409730
|
| 020 |
|
|
|a 80-86216-43-8
|q (brož.)
|
| 035 |
|
|
|a (OCoLC)85113506
|
| 040 |
|
|
|a BOA001
|b cze
|
| 072 |
|
7 |
|a 821.162.3-2
|x České drama
|2 Konspekt
|9 25
|
| 080 |
|
|
|a 821.162.3-2
|2 MRF
|
| 080 |
|
|
|a (0:82-2)
|2 MRF
|
| 100 |
1 |
|
|a Tyl, Josef Kajetán,
|d 1808-1856
|7 jk01140553
|4 aut
|
| 245 |
1 |
0 |
|a Strakonický dudák, aneb, Hody divých žen /
|c Josef Kajetán Tyl
|
| 246 |
3 |
3 |
|a Hody divých žen
|
| 260 |
|
|
|a Praha :
|b Artur,
|c 2004
|
| 300 |
|
|
|a 85 s. :
|c 19 cm
|
| 490 |
1 |
|
|a Edice D ;
|v sv. 9
|
| 500 |
|
|
|a Dostupné též v digitální podobě v aplikaci Kramerius
|
| 655 |
|
7 |
|a česká dramata
|7 fd133957
|2 czenas
|
| 830 |
|
0 |
|a Edice D
|0 s
|
| 856 |
4 |
1 |
|u http://www.digitalniknihovna.cz/mzk/uuid/uuid:55e3daa0-6059-11e5-bf4b-005056827e51
|y Digitalizovaný dokument
|x NDK
|
| 910 |
|
|
|a BOA001
|b 1-1136.274
|
| 990 |
|
|
|a BK
|
| 991 |
|
|
|f B-TYL
|
| 996 |
6 |
|
|b 2610223378
|c 1-1136.274
|l MZK
|r Sklad / do 1 hodiny
|n 3
|p p.v.
|w 000723445
|u 000010
|a 1
|e BOA001
|j MZK50
|s P
|